Southville International School and Colleges
Your cart is empty.
  • Cart
  • Lists
    Public lists Eva Luna New books Lux_list list_1
    Your lists Log in to create your own lists
  • Log in to your account
  • Your cookies
  • Search history
Southville International School and Colleges
  • Advanced search
  • Recent comments
  • Most popular
  • Libraries

Log in to your account

Log in with GOOGLE


If you do not have an external account, but do have a local account, you can still log in:

  1. Home
  2. MARC view: The climate bonus :
Normal view MARC view ISBD view

The climate bonus : (Record no. 48628)

[ view plain ]
MARC details
000 -LEADER
fixed length control field 00652nam a2200205Ia 4500
008 - FIXED-LENGTH DATA ELEMENTS--GENERAL INFORMATION
fixed length control field 140321s9999 xx 000 0 und d
020 ## - INTERNATIONAL STANDARD BOOK NUMBER
International Standard Book Number 9781849713412
050 ## - LIBRARY OF CONGRESS CALL NUMBER
Classification number QC 903
Item number .Sm587 2013
100 ## - MAIN ENTRY--PERSONAL NAME
Personal name Smith, Alison
245 #4 - TITLE STATEMENT
Title The climate bonus :
Remainder of title co-benefits of climate policy /
Statement of responsibility, etc Alison Smith.
260 ## - PUBLICATION, DISTRIBUTION, ETC. (IMPRINT)
Place of publication, distribution, etc New York :
Name of publisher, distributor, etc Routledge/Earthscan,
Date of publication, distribution, etc c2013.
300 ## - PHYSICAL DESCRIPTION
Extent 408 p. :
Other physical details ill. ;
Dimensions 24 cm.
500 ## - GENERAL NOTE
General note Includes bibliographical references and index.
521 ## - TARGET AUDIENCE NOTE
Target audience note
650 ## - SUBJECT ADDED ENTRY--TOPICAL TERM
Topical term or geographic name as entry element Climate change mitigation.
650 ## - SUBJECT ADDED ENTRY--TOPICAL TERM
Topical term or geographic name as entry element Restoration ecology
General subdivision Economic aspects.
650 ## - SUBJECT ADDED ENTRY--TOPICAL TERM
Topical term or geographic name as entry element Restoration ecology.
942 ## - ADDED ENTRY ELEMENTS (KOHA)
Call number prefix Foreign
Koha item type Books
Holdings
Withdrawn status Lost status Damaged status Home library Current library Shelving location Date acquired Total Checkouts Full call number Barcode Date last seen Date checked out Price effective from Koha item type
      College Library College Library Reserve Section 03/21/2014 2 QC 903 .Sm587 2013 C17911 05/15/2018 09/09/2015 03/21/2014 Books

The climate bonus :

APA

Smith A., . (2013). The climate bonus. New York: Routledge/Earthscan.

Chicago

Smith Alison, . 2013. The climate bonus. New York: Routledge/Earthscan.

Harvard

Smith A., . (2013). The climate bonus. New York: Routledge/Earthscan.

MLA

Smith Alison, . The climate bonus. New York: Routledge/Earthscan. 2013.

  • Place hold
  • Print
  • Cite
  • Add to your cart (remove)
  • Save record
    BIBTEX Dublin Core MARCXML MARC (non-Unicode/MARC-8) MARC (Unicode/UTF-8) MARC (Unicode/UTF-8, Standard) MODS (XML) RIS
  • More searches
    Search for this title in:
    Other Libraries (WorldCat) Other Databases (Google Scholar) Online Stores (Bookfinder.com) Open Library (openlibrary.org)

Exporting to Dublin Core...

SOUTHVILLE LIBRARY

Southville International School and Colleges Library

1281 Tropical Ave. Cor. Luxembourg St., BF Homes International, Las Pinas City

Tel. No. 8256374 / 252358 Loc. 117/146

Powered by Koha